000 00302nam a22001337a 4500
008 181105b xxu||||| |||| 00| 0 eng d
020 _a9781457664366
041 _aeng
080 _25 TH
_a370
100 _a49
101 _aEDU
245 _aReal Essays With Reading
_cAnker.s
942 _2udc
_cBK
999 _c51800
_d51800